Sports Quiz

Random Sports or Baseball Quiz
Score 0/30 Timer 07:00
0 Plays Today
ML Affiliate AAA Team % Correct
Boston Red SoxPawtucket Red Sox
79.2%
Chicago CubsIowa Cubs
74.9%
Atlanta BravesGwinnett Braves
69.6%
New York YankeesScranton/Wilkes-Barre Yankees
65.5%
Tampa Bay RaysDurham Bulls
64.3%
Detroit TigersToledo Mud Hens
60.8%
Pittsburgh PiratesIndianapolis Indians
59.1%
St. Louis CardinalsMemphis Redbirds
59.1%
Los Angeles DodgersAlbuquerque Isotopes
58.5%
Toronto Blue JaysLas Vegas 51s
56.7%
Cleveland IndiansColumbus Clippers
56.4%
Colorado RockiesColorado Springs Sky Sox
52%
Cincinnati RedsLouisville Bats
51.5%
Kansa City RoyalsOmaha Royals
50.6%
Philadelphia PhilliesLehigh Valley IronPigs
48.2%
ML Affiliate AAA Team % Correct
Houston AstrosRound Rock Express
47.4%
Chicago White SoxCharlotte Knights
46.2%
Minnesota TwinsRochester Red Wings
45%
Baltimore OriolesNorfolk Tides
44.7%
Los Angeles Angels of AnaheimSalt Lake Bees
44.4%
Florida MarlinsNew Orleans Zephyrs
43.9%
Seattle MarinersTacoma Rainiers
43%
New York MetsBuffalo Bisons
42.4%
Milwaukee BrewersNashville Sounds
42.1%
Oakland AthleticsSacramento River Cats
41.8%
Washington NationalsSyracuse Chiefs
39.8%
Arizona DiamondbacksReno Aces
35.7%
San Francisco GiantsFresno Grizzlies
35.7%
Texas RangersOklahoma City RedHawks
31.9%
San Diego PadresPortland Beavers
28.1%

You're not logged in!

Compare scores with friends on all Sporcle quizzes.
OR
Log In

Sporcle TV

Today on Sporcle TV


Watch our educational content, quiz creation guides, and fun videos on Sporcle TV.

Show Comments

Extras

Top Quizzes Today


Score Distribution

Paid Content

Your Account Isn't Verified!

In order to create a playlist on Sporcle, you need to verify the email address you used during registration. Go to your Sporcle Settings to finish the process.

Report this User

Report this user for behavior that violates our Community Guidelines.

Details: